[Event "Titled Tue 17th Jun Early"]
[Site "chess.com INT"]
[Date "2025.06.17"]
[Round "1"]
[White "Beerdsen, Thomas"]
[Black "Nugumanov, Bakhtiyar"]
[Result "1-0"]
[WhiteTitle "GM"]
[BlackTitle "IM"]
[WhiteElo "2538"]
[BlackElo "2305"]
[WhiteFideId "1030108"]
[BlackFideId "13701797"]
[EventDate "2025.06.17"]

1. e4 c6 2. d4 d5 3. f3 e6 4. Nc3 c5 5. exd5 cxd4 6. Qxd4 exd5 7. Qxd5 Bd6 8.
Bb5+ Kf8 9. Bg5 Ne7 10. Qd2 Qb6 11. O-O-O f6 12. Qxd6 1-0

[Event "Titled Tue 17th Jun Early"]
[Site "chess.com INT"]
[Date "2025.06.17"]
[Round "1"]
[White "Shevchenko, Yaroslav"]
[Black "Skiadopoulos, Nikolaos"]
[Result "1-0"]
[BlackTitle "CM"]
[WhiteElo "2179"]
[BlackElo "1882"]
[WhiteFideId "34144684"]
[BlackFideId "4200772"]
[EventDate "2025.06.17"]

1. e4 c5 2. Nf3 Nc6 3. Bb5 Na5 4. O-O a6 5. Be2 b5 6. a4 Bb7 7. axb5 axb5 8.
Bxb5 Bxe4 9. Nc3 Bc6 10. d4 cxd4 11. Nxd4 Bxb5 12. Ncxb5 Nf6 13. b4 Nb7 14. Rxa8 1-0

[Event "Titled Tue 17th Jun Early"]
[Site "chess.com INT"]
[Date "2025.06.17"]
[Round "1"]
[White "Maximov, Dmitry"]
[Black "Suvradeepta, Das"]
[Result "1-0"]
[WhiteTitle "GM"]
[BlackTitle "FM"]
[WhiteElo "2476"]
[BlackElo "2230"]
[WhiteFideId "14105659"]
[BlackFideId "5058031"]
[EventDate "2025.06.17"]

1. e4 c6 2. Nf3 d5 3. Nc3 dxe4 4. Nxe4 Nf6 5. Qe2 Nxe4 6. Qxe4 g6 7. Bc4 Bg7 8.
c3 Bf5 9. Qh4 Bd3 10. b3 Na6 11. Ba3 e6 12. Bxd3 1-0

[Event "Titled Tue 17th Jun Early"]
[Site "chess.com INT"]
[Date "2025.06.17"]
[Round "1"]
[White "Krawczyk, Flawian"]
[Black "Seyidli, Mirsaleh"]
[Result "1-0"]
[WhiteTitle "CM"]
[BlackTitle "CM"]
[WhiteElo "2247"]
[BlackElo "1996"]
[WhiteFideId "21881413"]
[BlackFideId "13445219"]
[EventDate "2025.06.17"]

1. e4 e5 2. Nf3 Nc6 3. Bb5 f5 4. d3 fxe4 5. dxe4 Nf6 6. O-O Bc5 7. Qd3 d6 8. Qc4
a6 9. Bxc6+ bxc6 10. Nxe5 Qe7 11. Nd3 Bb6 12. Qxc6+ Kf7 13. Qxa8 1-0

[Event "Titled Tue 17th Jun Early"]
[Site "chess.com INT"]
[Date "2025.06.17"]
[Round "1"]
[White "Chiang, Jacob"]
[Black "So, Wesley"]
[Result "0-1"]
[BlackTitle "GM"]
[WhiteElo "2006"]
[BlackElo "2745"]
[WhiteFideId "30962331"]
[BlackFideId "5202213"]
[EventDate "2025.06.17"]

1. c4 c5 2. Nf3 Nf6 3. d4 cxd4 4. Nxd4 e6 5. Nc3 d5 6. cxd5 Nxd5 7. Bd2 Be7 8.
e4 Nxc3 9. Bxc3 O-O 10. Be2 Qb6 11. Qb3 Rd8 12. Qxb6 axb6 13. O-O Na6 14. f3 Nc5
15. Rfd1 Na4 16. Kf2 Nxc3 17. bxc3 Kf8 18. a4 Bc5 19. f4 Bd7 20. Bb5 Bxb5 21.
axb5 Rxa1 22. Rxa1 Rxd4 23. Ra8+ Rd8+ 24. Kf3 Rxa8 0-1

[Event "Titled Tue 17th Jun Early"]
[Site "chess.com INT"]
[Date "2025.06.17"]
[Round "1"]
[White "Verbovsky, Michal"]
[Black "Williams, Simon K"]
[Result "0-1"]
[WhiteTitle "CM"]
[BlackTitle "GM"]
[WhiteElo "2172"]
[BlackElo "2444"]
[WhiteFideId "14934213"]
[BlackFideId "404454"]
[EventDate "2025.06.17"]

1. e4 d6 2. d4 Nf6 3. Nc3 Nbd7 4. Bc4 e5 5. Bg5 Be7 6. Nf3 c6 7. Bb3 O-O 8. O-O
Nh5 9. Bxe7 Qxe7 10. dxe5 dxe5 11. Ne2 Nc5 12. Nc3 Nf4 13. a4 Bg4 14. h3 Rad8
15. Qe1 Bxf3 16. gxf3 Qg5+ 0-1

[Event "Titled Tue 17th Jun Early"]
[Site "chess.com INT"]
[Date "2025.06.17"]
[Round "1"]
[White "Sahbudak, Baris Cinar"]
[Black "Sheehan, Ethan"]
[Result "0-1"]
[WhiteTitle "CM"]
[WhiteElo "2072"]
[BlackElo "2364"]
[WhiteFideId "26351633"]
[BlackFideId "30943965"]
[EventDate "2025.06.17"]

1. e4 e5 2. Nc3 Nf6 3. Bc4 Nc6 4. d3 Bb4 5. Ne2 d5 6. exd5 Nxd5 7. Bxd5 Qxd5 8.
O-O Qd6 9. f4 O-O 10. f5 Bxc3 11. Nxc3 f6 12. Ne4 Qd5 13. g4 b6 14. Be3 Nd4 15.
c3 Nc6 16. Qe2 Ba6 17. Rad1 Qxe4 0-1

[Event "Titled Tue 17th Jun Early"]
[Site "chess.com INT"]
[Date "2025.06.17"]
[Round "1"]
[White "Villa Tornero, Alex"]
[Black "Yglesias Herrera, Michel"]
[Result "1-0"]
[WhiteTitle "FM"]
[BlackTitle "CM"]
[WhiteElo "2211"]
[BlackElo "2054"]
[WhiteFideId "54501091"]
[BlackFideId "3510840"]
[EventDate "2025.06.17"]

1. e4 e5 2. Nf3 Nc6 3. d4 exd4 4. Nxd4 Qh4 5. Nc3 Bb4 6. Nxc6 Qxe4+ 7. Be2 Qxc6
8. O-O Ne7 9. Bf3 Qf6 10. Nd5 Nxd5 11. Qxd5 O-O 12. Bg5 Qd6 13. Qe4 Ba5 14. Be7
Qb6 15. Bxf8 Kxf8 16. Qxh7 Qh6 17. Qf5 d6 18. Qxa5 b6 19. Qc3 Rb8 20. Qxc7 1-0

[Event "Titled Tue 17th Jun Early"]
[Site "chess.com INT"]
[Date "2025.06.17"]
[Round "1"]
[White "Weigand, Anton"]
[Black "Teterev, Vitaly"]
[Result "0-1"]
[WhiteTitle "CM"]
[BlackTitle "GM"]
[WhiteElo "2197"]
[BlackElo "2248"]
[WhiteFideId "16221915"]
[BlackFideId "13501429"]
[EventDate "2025.06.17"]

1. e4 c6 2. Nf3 d5 3. d3 Qc7 4. g3 e5 5. Bg2 Nf6 6. O-O Bd6 7. Bg5 Nbd7 8. Re1
O-O 9. Nc3 a6 10. exd5 cxd5 11. d4 e4 12. Nd2 h6 13. Be3 b5 14. a3 Nb6 15. Nb3
Nc4 16. Nd2 Nxb2 17. Qb1 Qxc3 0-1

[Event "Titled Tue 17th Jun Early"]
[Site "chess.com INT"]
[Date "2025.06.17"]
[Round "1"]
[White "Mujumdar, Sameer"]
[Black "Zmijanac, Dusko"]
[Result "1-0"]
[BlackTitle "FM"]
[WhiteElo "2043"]
[BlackElo "2007"]
[WhiteFideId "2029707"]
[BlackFideId "908762"]
[EventDate "2025.06.17"]

1. d4 c5 2. d5 Nf6 3. Nc3 g6 4. e4 d6 5. f4 Bg7 6. Nf3 O-O 7. Bd3 Na6 8. O-O Nb4
9. Kh1 a6 10. a3 Nxd3 11. cxd3 b5 12. Bd2 Bg4 13. h3 Bxf3 14. Qxf3 Rb8 15. b4
Qc7 16. Rac1 Rfc8 17. e5 Ne8 18. Rfe1 dxe5 19. fxe5 Bxe5 20. bxc5 Qxc5 21. Rxe5
Qxa3 22. Rf1 Nf6 23. Ne4 Rb6 24. d6 1-0

[Event "Titled Tue 17th Jun Early"]
[Site "chess.com INT"]
[Date "2025.06.17"]
[Round "1"]
[White "Barseghyan, Armen Ar."]
[Black "Swara Lakshmi S Nair"]
[Result "1-0"]
[WhiteTitle "IM"]
[BlackTitle "WCM"]
[WhiteElo "2348"]
[BlackElo "2187"]
[WhiteFideId "13306707"]
[BlackFideId "25629239"]
[EventDate "2025.06.17"]

1. Nf3 Nf6 2. c4 e6 3. g3 d5 4. Bg2 Be7 5. O-O O-O 6. d4 c5 7. cxd5 Nxd5 8. e4
Nf6 9. Nc3 cxd4 10. Qxd4 Nc6 11. Qa4 Qb6 12. e5 Nd5 13. Nxd5 exd5 14. Rd1 Be6
15. Be3 Qc7 16. Rac1 a6 17. Nd4 Qxe5 18. Nxc6 bxc6 19. Bd4 Qh5 20. Qxc6 Rfc8 21.
Qb7 Bg5 22. Rxc8+ Rxc8 23. Re1 h6 24. Rxe6 Rc1+ 25. Bf1 fxe6 26. Qxg7# 1-0

[Event "Titled Tue 17th Jun Early"]
[Site "chess.com INT"]
[Date "2025.06.17"]
[Round "1"]
[White "Vlassov, Nikolai"]
[Black "Sitnic, Adnan"]
[Result "1-0"]
[WhiteTitle "IM"]
[BlackTitle "CM"]
[WhiteElo "2291"]
[BlackElo "2058"]
[WhiteFideId "4103360"]
[BlackFideId "14403854"]
[EventDate "2025.06.17"]

1. e4 Nc6 2. d4 e5 3. dxe5 Nxe5 4. Nc3 Bb4 5. Qd4 Bxc3+ 6. Qxc3 d6 7. Bf4 Qe7 8.
Bb5+ c6 9. Bxe5 Qxe5 10. Bxc6+ bxc6 11. Qxc6+ Kd8 12. Qxa8 Qxb2 13. Rd1 Qb4+ 14.
Kf1 Nf6 15. Nf3 Ke7 16. Qxa7+ Bd7 17. Qd4 Bb5+ 18. Kg1 Qa3 19. e5 Ne8 20. exd6+
Nxd6 21. Qe5+ Kd7 22. Qxb5+ 1-0

[Event "Titled Tue 17th Jun Early"]
[Site "chess.com INT"]
[Date "2025.06.17"]
[Round "1"]
[White "Harsha, Bharathakoti"]
[Black "Radchenko, Alexey"]
[Result "1-0"]
[WhiteTitle "GM"]
[BlackTitle "FM"]
[WhiteElo "2527"]
[BlackElo "2290"]
[WhiteFideId "5078776"]
[BlackFideId "4192362"]
[EventDate "2025.06.17"]

1. c4 c6 2. Nf3 d5 3. e3 Nf6 4. Nc3 g6 5. d4 Bg7 6. Be2 O-O 7. O-O e6 8. b3 b6
9. Bb2 Bb7 10. Ne5 Nbd7 11. f4 Re8 12. Bf3 a6 13. Qe2 c5 14. Rac1 Rb8 15. cxd5
Nxd5 16. Nxd5 Bxd5 17. Bxd5 exd5 18. Nc6 Qf6 19. Nxb8 Nxb8 20. Qd2 h5 21. Rc2
Qe7 22. dxc5 Bxb2 23. Rxb2 bxc5 24. Qxd5 Qxe3+ 25. Kh1 Qxf4 26. Rbb1 Qc7 27.
Rbc1 Re5 28. Rxf7 Qxf7 29. Qxe5 Nd7 30. Qd6 Nf6 31. Qxa6 Ng4 32. Qc4 1-0

[Event "Titled Tue 17th Jun Early"]
[Site "chess.com INT"]
[Date "2025.06.17"]
[Round "1"]
[White "Palmer, Reegan"]
[Black "Pham, Le Thao Nguyen"]
[Result "0-1"]
[WhiteTitle "CM"]
[BlackTitle "IM"]
[WhiteElo "2058"]
[BlackElo "2357"]
[WhiteFideId "14322145"]
[BlackFideId "12401226"]
[EventDate "2025.06.17"]

1. e4 c5 2. Nf3 e6 3. b3 b6 4. Bb2 Bb7 5. d3 d6 6. g3 Nd7 7. Bg2 Ngf6 8. O-O Be7
9. Nbd2 O-O 10. Qe2 Qc7 11. h3 Rfe8 12. Rfe1 Bf8 13. Nf1 g6 14. g4 e5 15. Ng3
Bg7 16. Nh2 Nf8 17. Rf1 Ne6 18. Bc1 Nd7 19. f4 exf4 0-1

[Event "Titled Tue 17th Jun Early"]
[Site "chess.com INT"]
[Date "2025.06.17"]
[Round "1"]
[White "Bluebaum, Matthias"]
[Black "Mora Munoz, Alejandro"]
[Result "1-0"]
[WhiteTitle "GM"]
[BlackTitle "FM"]
[WhiteElo "2663"]
[BlackElo "2147"]
[WhiteFideId "24651516"]
[BlackFideId "4469844"]
[EventDate "2025.06.17"]

1. d4 Nf6 2. c4 e6 3. Nc3 d5 4. cxd5 exd5 5. Bg5 c6 6. e3 Bd6 7. Bd3 O-O 8. Nf3
Re8 9. O-O Bg4 10. Qb3 Bxf3 11. gxf3 h6 12. Bh4 g5 13. Bg3 Bxg3 14. hxg3 Qe7 15.
Rae1 b6 16. e4 dxe4 17. fxe4 Qd7 18. e5 Nh7 19. Bxh7+ Kxh7 20. Ne4 Qe6 21. Nf6+
Kg7 22. Nxe8+ Qxe8 23. e6 f6 24. d5 Qe7 25. d6 1-0

[Event "Titled Tue 17th Jun Early"]
[Site "chess.com INT"]
[Date "2025.06.17"]
[Round "1"]
[White "Cardozo Munar, Carlos Eduardo"]
[Black "Akkara, Omer"]
[Result "0-1"]
[WhiteTitle "FM"]
[BlackTitle "CM"]
[WhiteElo "2052"]
[BlackElo "2036"]
[WhiteFideId "4409477"]
[BlackFideId "26319802"]
[EventDate "2025.06.17"]

1. e4 e5 2. Nf3 Nc6 3. Bc4 Nf6 4. O-O Be7 5. d4 exd4 6. Nxd4 Nxd4 7. Qxd4 d6 8.
e5 dxe5 9. Qxe5 O-O 10. Bg5 h6 11. Bh4 Bd6 12. Qc3 Bxh2+ 13. Kxh2 Ng4+ 14. Kg3
g5 15. Rh1 Qd6+ 16. Kf3 Qf4+ 17. Ke2 gxh4 18. Qf3 Qxc4+ 0-1

[Event "Titled Tue 17th Jun Early"]
[Site "chess.com INT"]
[Date "2025.06.17"]
[Round "1"]
[White "Caruana, Fabiano"]
[Black "Deveci, Huseyin Said"]
[Result "1-0"]
[WhiteTitle "GM"]
[BlackTitle "CM"]
[WhiteElo "2777"]
[BlackElo "2212"]
[WhiteFideId "2020009"]
[BlackFideId "26322455"]
[EventDate "2025.06.17"]

1. e4 e5 2. Nf3 Nc6 3. Nc3 Nf6 4. h3 a6 5. d4 exd4 6. Nxd4 Bb4 7. Nxc6 bxc6 8.
Bd3 d5 9. exd5 O-O 10. O-O cxd5 11. Qf3 c6 12. Bg5 h6 13. Bh4 Re8 14. Rae1 Be6
15. Re2 Be7 16. Rfe1 Rb8 17. Nd1 c5 18. b3 Qb6 19. Ne3 Red8 20. Nf5 Bxf5 21.
Qxf5 Bf8 22. Bxf6 g6 23. Qf3 c4 1-0

[Event "Titled Tue 17th Jun Early"]
[Site "chess.com INT"]
[Date "2025.06.17"]
[Round "1"]
[White "Hrabinska, Myroslava"]
[Black "Arslanov, Shamil"]
[Result "0-1"]
[WhiteTitle "WGM"]
[BlackTitle "IM"]
[WhiteElo "2121"]
[BlackElo "2410"]
[WhiteFideId "14109190"]
[BlackFideId "4192826"]
[EventDate "2025.06.17"]

1. e4 e5 2. Nf3 d5 3. Nxe5 Bd6 4. d4 dxe4 5. Bc4 Bxe5 6. dxe5 Qxd1+ 7. Kxd1 Nc6
8. f4 exf3 9. gxf3 Bf5 10. Bg5 Nxe5 11. Re1 f6 12. f4 O-O-O+ 13. Kc1 Nxc4 14.
Bh4 Nh6 15. b3 Nb6 16. Nc3 Rhe8 17. Kb2 Rxe1 18. Rxe1 Rd2 19. Re2 Rxe2 20. Nxe2 0-1

[Event "Titled Tue 17th Jun Early"]
[Site "chess.com INT"]
[Date "2025.06.17"]
[Round "1"]
[White "Loskutova, Viktoriya"]
[Black "Gholami Orimi, Mahdi"]
[Result "1-0"]
[WhiteTitle "WFM"]
[BlackTitle "GM"]
[WhiteElo "2092"]
[BlackElo "2511"]
[WhiteFideId "34166278"]
[BlackFideId "12558486"]
[EventDate "2025.06.17"]

1. e4 c5 2. Nf3 d6 3. d4 cxd4 4. Nxd4 Nf6 5. Nc3 Nc6 6. Bg5 e6 7. Qd3 a6 8. Nxc6
bxc6 9. O-O-O Qa5 10. Qg3 Rb8 11. Bc4 h6 12. Bd2 Qb6 13. b3 d5 14. Bd3 Bb7 15.
Qxb8+ Ke7 16. Na4 Nd7 17. Nxb6 Nxb8 18. exd5 cxd5 19. Rhe1 Kd6 20. Bb4+ Kc6 21.
Bxf8 Rxf8 22. Na4 Nd7 23. Kb2 Kc7 24. c4 a5 25. f3 Nf6 26. Rc1 Kd6 27. c5+ Kc7
28. c6 Bc8 29. Rc5 Kd6 30. Rec1 e5 31. Rxa5 Re8 32. Ra8 e4 33. fxe4 dxe4 34. Ba6
Bxa6 35. Rxa6 e3 36. c7+ Kd7 37. Nb6+ 1-0

[Event "Titled Tue 17th Jun Early"]
[Site "chess.com INT"]
[Date "2025.06.17"]
[Round "1"]
[White "Shymanskyi, Oleksandr"]
[Black "Iniyan, Pa"]
[Result "1-0"]
[WhiteTitle "FM"]
[BlackTitle "GM"]
[WhiteElo "2218"]
[BlackElo "2573"]
[WhiteFideId "14168880"]
[BlackFideId "25002767"]
[EventDate "2025.06.17"]

1. e4 e6 2. d4 d5 3. Nd2 dxe4 4. Nxe4 Nd7 5. Nf3 Ngf6 6. Nxf6+ Nxf6 7. Bd3 c5 8.
Be3 Nd5 9. Bg5 Qb6 10. O-O Qxb2 11. Rb1 Qxa2 12. Bb5+ Bd7 13. Bxd7+ Kxd7 14.
Rxb7+ Ke8 15. Ne5 f6 16. Qh5+ g6 17. Nxg6 hxg6 18. Qxg6+ Kd8 19. Bxf6+ Nxf6 20.
Qxf6+ Kc8 21. Qf7 1-0

[Event "Titled Tue 17th Jun Early"]
[Site "chess.com INT"]
[Date "2025.06.17"]
[Round "1"]
[White "Chen, Ryo"]
[Black "Huh, Isaak"]
[Result "1-0"]
[WhiteTitle "IM"]
[BlackTitle "CM"]
[WhiteElo "2395"]
[BlackElo "2139"]
[WhiteFideId "7003072"]
[BlackFideId "13209590"]
[EventDate "2025.06.17"]

1. e4 e5 2. Nf3 Nc6 3. Bb5 a6 4. Ba4 Nf6 5. Nc3 Bc5 6. Bb3 d6 7. d3 h6 8. Nd5
Be6 9. Nxf6+ Qxf6 10. c3 Bg4 11. h3 Bxf3 12. Qxf3 Qxf3 13. gxf3 g5 14. h4 Ke7
15. hxg5 hxg5 16. Bxg5+ f6 17. Bh6 a5 18. a4 Ra6 19. Bc4 Rb6 20. b3 Nd8 21. Ke2
Nf7 22. Bd2 c6 23. Rxh8 Nxh8 24. Rg1 Ng6 1-0

[Event "Titled Tue 17th Jun Early"]
[Site "chess.com INT"]
[Date "2025.06.17"]
[Round "1"]
[White "Kovalchuk, Alexey"]
[Black "Ady, Jonathan J."]
[Result "1-0"]
[WhiteTitle "FM"]
[BlackTitle "FM"]
[WhiteElo "2304"]
[BlackElo "2355"]
[WhiteFideId "24154385"]
[BlackFideId "6000240"]
[EventDate "2025.06.17"]

1. d4 d5 2. c4 dxc4 3. e4 e5 4. Nf3 Bb4+ 5. Nc3 exd4 6. Nxd4 Nf6 7. Qa4+ c6 8.
Qxb4 Qxd4 9. Be3 Qe5 10. Bxc4 Na6 11. Bxa6 bxa6 12. O-O-O Rb8 13. Qa3 Qe7 14.
Bc5 Qb7 15. Bd6 Ra8 16. Na4 Be6 17. Nc5 Qb5 18. f3 Nd7 19. Nxa6 Nb6 20. Nc7+ 1-0

[Event "Titled Tue 17th Jun Early"]
[Site "chess.com INT"]
[Date "2025.06.17"]
[Round "1"]
[White "Postny, Evgeny"]
[Black "Sreyas, Payyappat"]
[Result "0-1"]
[WhiteTitle "GM"]
[BlackTitle "FM"]
[WhiteElo "2525"]
[BlackElo "2107"]
[WhiteFideId "2804344"]
[BlackFideId "46674969"]
[EventDate "2025.06.17"]

1. c4 c5 2. g3 Nc6 3. Bg2 Nf6 4. Nc3 g6 5. e3 Bg7 6. Nge2 O-O 7. d4 cxd4 8. exd4
e6 9. d5 exd5 10. cxd5 Ne7 11. d6 Nc6 12. O-O b6 13. Bf4 Bb7 14. Qd2 Re8 15.
Rfe1 Rc8 16. Nb5 Ne4 17. Bxe4 Rxe4 18. Nc7 Qf6 19. f3 Rxe2 20. Qxe2 Nd4 21. Qe8+
Rxe8 22. Rxe8+ Bf8 23. Bh6 Nxf3+ 24. Kf2 Qxb2+ 25. Ke3 Qd2# 0-1

[Event "Titled Tue 17th Jun Early"]
[Site "chess.com INT"]
[Date "2025.06.17"]
[Round "1"]
[White "Gulevich, Artem"]
[Black "Puranik, Abhimanyu"]
[Result "0-1"]
[WhiteTitle "FM"]
[BlackTitle "GM"]
[WhiteElo "2304"]
[BlackElo "2622"]
[WhiteFideId "24119580"]
[BlackFideId "5061245"]
[EventDate "2025.06.17"]

1. Nf3 Nf6 2. b3 g6 3. Bb2 Bg7 4. d4 O-O 5. e3 b6 6. Be2 Bb7 7. O-O d5 8. Nbd2
Nbd7 9. c4 c5 10. Rc1 cxd4 11. Nxd4 Rc8 12. Rc2 Nc5 13. Qa1 Qd6 14. Rd1 Rfd8 15.
Nb5 Qe6 16. Nxa7 Ra8 17. Nb5 dxc4 18. Bxc4 Qf5 19. Qb1 Ng4 20. Rf1 Qg5 21. g3
Nxh2 22. Bxg7 Rxd2 0-1

[Event "Titled Tue 17th Jun Early"]
[Site "chess.com INT"]
[Date "2025.06.17"]
[Round "1"]
[White "Yatskar, Martin"]
[Black "Materia, Marco"]
[Result "0-1"]
[WhiteTitle "CM"]
[BlackTitle "IM"]
[WhiteElo "2225"]
[BlackElo "2489"]
[WhiteFideId "34109676"]
[BlackFideId "45150451"]
[EventDate "2025.06.17"]

1. d4 Nf6 2. c4 e6 3. Nc3 d5 4. cxd5 exd5 5. Bg5 Be7 6. e3 h6 7. Bh4 O-O 8. Bd3
c6 9. Nge2 Re8 10. Qc2 Nbd7 11. O-O Nh5 12. Bxe7 Qxe7 13. Rae1 Nb6 14. Ng3 Nxg3
15. hxg3 Qg5 16. a4 Bd7 17. a5 Nc8 18. e4 dxe4 19. Nxe4 Qxa5 20. Re3 Nb6 21. Nc5
Rxe3 22. fxe3 Be8 23. Nxb7 Qg5 24. Qf2 Nd5 25. e4 Ne3 26. Re1 Ng4 27. Qf4 Qh5
28. Qf3 Rb8 29. Ba6 c5 30. d5 Bb5 31. Bxb5 Rxb7 32. Be8 Rxb2 33. Bxf7+ Qxf7 34.
Qxf7+ Kxf7 35. e5 Rd2 36. Ra1 Rxd5 37. Rxa7+ Ke6 38. Rxg7 Rd1# 0-1

[Event "Titled Tue 17th Jun Early"]
[Site "chess.com INT"]
[Date "2025.06.17"]
[Round "1"]
[White "Raptis, Nick"]
[Black "Manukian, Artak"]
[Result "1-0"]
[WhiteTitle "FM"]
[WhiteElo "2220"]
[BlackElo "2104"]
[WhiteFideId "2016850"]
[BlackFideId "13301373"]
[EventDate "2025.06.17"]

1. d4 d5 2. Nc3 c6 3. e4 dxe4 4. Nxe4 Nf6 5. Nxf6+ exf6 6. Bd3 Bd6 7. Qh5 g6 8.
Qh6 Bf8 9. Qh4 f5 10. Qxd8+ Kxd8 11. Bg5+ Be7 12. Bxe7+ Kxe7 13. O-O-O Re8 14.
Nf3 f6 15. Rhe1+ Kf8 16. Rxe8+ Kxe8 17. Re1+ Kf8 18. Nd2 Nd7 19. Nc4 Nb6 20. Nd6
Bd7 21. Nxb7 Re8 22. Rxe8+ Kxe8 23. c4 h5 24. Nc5 Bc8 25. Kd2 g5 26. a4 Ke7 27.
a5 Na8 28. b4 f4 29. Be4 Bd7 30. Nxd7 Kxd7 31. b5 Nc7 32. Bxc6+ Ke6 33. Kc3 f5
34. c5 g4 35. g3 fxg3 36. fxg3 h4 37. b6 axb6 38. cxb6 Na6 39. Bb5 hxg3 40. hxg3 1-0

[Event "Titled Tue 17th Jun Early"]
[Site "chess.com INT"]
[Date "2025.06.17"]
[Round "1"]
[White "Kislinsky, Alexey"]
[Black "Mikhailova, Irina"]
[Result "1/2-1/2"]
[WhiteTitle "GM"]
[BlackTitle "WGM"]
[WhiteElo "2341"]
[BlackElo "2143"]
[WhiteFideId "14108801"]
[BlackFideId "4109040"]
[EventDate "2025.06.17"]

1. d4 Nf6 2. c4 g6 3. Nf3 Bg7 4. Nc3 d5 5. cxd5 Nxd5 6. e4 Nxc3 7. bxc3 c5 8.
Be3 O-O 9. Qd2 Qa5 10. Rc1 cxd4 11. cxd4 Qxd2+ 12. Kxd2 Rd8 13. Ke1 e6 14. Bc4
Nc6 15. d5 exd5 16. Bxd5 Be6 17. Bxe6 fxe6 18. Ke2 h6 19. Rhd1 Kf7 20. a4 Rxd1
21. Rxd1 Ke7 22. Bc5+ Ke8 23. h3 Rd8 24. Rxd8+ Kxd8 25. Ke3 Kd7 26. g4 b6 27.
Ba3 Bf6 28. h4 h5 29. g5 Be5 30. Nd2 Bd4+ 31. Ke2 e5 32. Nc4 1/2-1/2

[Event "Titled Tue 17th Jun Early"]
[Site "chess.com INT"]
[Date "2025.06.17"]
[Round "1"]
[White "Zieba, Hubert"]
[Black "Newansa, M Esandi"]
[Result "1-0"]
[WhiteTitle "CM"]
[BlackTitle "WCM"]
[WhiteElo "2233"]
[BlackElo "1945"]
[WhiteFideId "21844704"]
[BlackFideId "9999060"]
[EventDate "2025.06.17"]

1. d4 d5 2. c4 c6 3. Nf3 Nf6 4. g3 Bf5 5. Nc3 e6 6. Qb3 Qc8 7. Bg2 Be7 8. O-O
O-O 9. Bf4 Nbd7 10. Rac1 dxc4 11. Qxc4 Nb6 12. Qb3 Rd8 13. Rfd1 Nbd5 14. Bd2
Nxc3 15. Bxc3 Ne4 16. Ne5 Nxc3 17. bxc3 Bf6 18. Nc4 Qd7 19. e4 Bg6 20. Rb1 b5
21. Ne3 a5 22. a4 Rab8 23. Ra1 Rb7 24. e5 Be7 25. c4 b4 26. c5 f6 27. Nc4 Ra8
28. Nd6 Bxd6 29. cxd6 Bf7 30. Rac1 Rc8 31. Rc5 Ra7 32. Rdc1 Ra6 33. Qc4 Rb6 34.
Bxc6 Qa7 35. Be4 Rxc5 36. dxc5 Rb8 37. c6 fxe5 38. c7 Rc8 39. d7 1-0

[Event "Titled Tue 17th Jun Early"]
[Site "chess.com INT"]
[Date "2025.06.17"]
[Round "1"]
[White "Dogan, Umut Anil"]
[Black "Simonetto, Andrea"]
[Result "1-0"]
[WhiteTitle "CM"]
[BlackTitle "FM"]
[WhiteElo "2060"]
[BlackElo "2285"]
[WhiteFideId "51618060"]
[BlackFideId "873314"]
[EventDate "2025.06.17"]

1. d4 Nf6 2. Bg5 g6 3. Nc3 Bg7 4. e4 d6 5. Qd2 O-O 6. O-O-O Nbd7 7. h4 e5 8.
dxe5 Nxe5 9. h5 Be6 10. Bh6 Qe7 11. Bxg7 Kxg7 12. hxg6 fxg6 13. Qh6+ Kg8 14. f3
a5 15. Nge2 Bc4 16. Nf4 Bxf1 17. Rdxf1 a4 18. g4 Nf7 19. Ncd5 Qe5 20. Nxf6+ 1-0

[Event "Titled Tue 17th Jun Early"]
[Site "chess.com INT"]
[Date "2025.06.17"]
[Round "1"]
[White "Moroni, Luca Jr"]
[Black "Dudzinski, Pawel"]
[Result "1-0"]
[WhiteTitle "GM"]
[BlackTitle "FM"]
[WhiteElo "2549"]
[BlackElo "2191"]
[WhiteFideId "865834"]
[BlackFideId "1117890"]
[EventDate "2025.06.17"]

1. d4 f5 2. c4 Nf6 3. g3 g6 4. Bg2 Bg7 5. b3 O-O 6. Bb2 d6 7. Nf3 Ne4 8. Nbd2 c6
9. O-O Qe8 10. e3 Nxd2 11. Nxd2 e5 12. dxe5 dxe5 13. e4 f4 14. c5 Be6 15. Nf3
Bg4 16. h3 Bxf3 17. Bxf3 fxg3 18. fxg3 Nd7 19. Rc1 Qe7 20. b4 a5 21. a3 axb4 22.
axb4 Ra2 23. Qb3+ Qf7 24. Bd1 Rxb2 25. Rxf7 Rxb3 26. Rxf8+ Kxf8 27. Bxb3 Ke7 28.
Ra1 Kd8 29. Ra8+ Kc7 30. Re8 Bh6 31. Be6 Nf6 32. Rc8# 1-0